Ảnh hưởng của chi phí đại diện đến hiệu quả hoạt động của các công ty niêm yết trên Sở giao dịch chứng khoán thành phố Hồ Chí Minh : Luận văn tốt nghiệp Cao học. Chuyên ngành Tài chính - Ngân hàng
Phân tích ảnh hưởng của chi phí đại diện đến hiệu quả hoạt động của các công ty niêm yết trên Sở giao dịch chứng khoán thành phố Hồ Chí Minh (HOSE).
Zapisane w:
| 1. autor: | |
|---|---|
| Format: | Książka |
| Język: | Undetermined |
| Wydane: |
Cần Thơ
Trường Đại Học Cần Thơ
2019
|
| Hasła przedmiotowe: | |
| Etykiety: |
Dodaj etykietę
Nie ma etykietki, Dołącz pierwszą etykiete!
|
| Thư viện lưu trữ: | Trung tâm Học liệu Trường Đại học Cần Thơ |
|---|
| LEADER | 01136nam a2200205Ia 4500 | ||
|---|---|---|---|
| 001 | CTU_231490 | ||
| 008 | 210402s9999 xx 000 0 und d | ||
| 082 | |a 332.642 | ||
| 082 | |b Kh106 | ||
| 088 | |a 8340201 | ||
| 100 | |a Phan, Minh Khang | ||
| 245 | 0 | |a Ảnh hưởng của chi phí đại diện đến hiệu quả hoạt động của các công ty niêm yết trên Sở giao dịch chứng khoán thành phố Hồ Chí Minh : | |
| 245 | 0 | |b Luận văn tốt nghiệp Cao học. Chuyên ngành Tài chính - Ngân hàng | |
| 245 | 0 | |c Phan Minh Khang ; Trương Đông Lộc (Cán bộ hướng dẫn) | |
| 260 | |a Cần Thơ | ||
| 260 | |b Trường Đại Học Cần Thơ | ||
| 260 | |c 2019 | ||
| 520 | |a Phân tích ảnh hưởng của chi phí đại diện đến hiệu quả hoạt động của các công ty niêm yết trên Sở giao dịch chứng khoán thành phố Hồ Chí Minh (HOSE). | ||
| 650 | |a Thị trường chứng khoán,Stock exchanges | ||
| 980 | |a Trung tâm Học liệu Trường Đại học Cần Thơ | ||